| 000 | 01077nam a22003257a 4500 | ||
|---|---|---|---|
| 003 | CHAP | ||
| 005 | 20250903062747.0 | ||
| 008 | 971013s1980 r 00010 d | ||
| 010 | _a72672 | ||
| 011 | _a73644 | ||
| 035 | _a83202 | ||
| 040 | _cCHAP | ||
| 090 | _aTesis | ||
| 100 | 0 | 0 |
_aGarcía Corona, Rodolfo. _945875 |
| 245 | _aDigestibilidad "in vitro" de cinco especies arbustivas del género Atriplex | ||
| 260 |
_aMonterrey, N.L. : _bEl autor, _c1980 |
||
| 300 |
_a20 h. _b: apénd. |
||
| 502 | _aTesis (Ing. Agrónomo Zootecnista) -- Univ. Autónoma de Nuevo León. Fac. de Agronomía | ||
| 590 |
_aALEPH _b10 _c20130110 _lUCH01 _h1413 |
||
| 590 |
_aBATCH-UPD _b10 _c20130110 _lUCH01 _h0611 |
||
| 590 |
_aBATCH-UPD _b10 _c20130110 _lUCH01 _h2309 |
||
| 590 |
_aBATCH-UPD _b10 _c20130410 _lUCH01 _h0253 |
||
| 590 |
_aBATCH-UPD _b10 _c20130914 _lUCH01 _h0513 |
||
| 590 |
_aCONVERSION _b10 _c20130109 _lUCH01 _h1340 |
||
| 650 | 1 | 4 |
_aAtriplex. _98272 |
| 650 | 1 | 7 |
_aForrajes _xDigestibilidad _2 _942568 |
| 901 | _aBK | ||
| 942 | _cTESIS | ||
| 949 |
_bBC _cTES _d-37627 _eTS1 _i83202 _si |
||
| 999 |
_c72672 _d72672 |
||